[Event "Hoogeveen Unive op 18th"]
[Site "Hoogeveen"]
[Date "2014.10.14"]
[Round "4"]
[White "Lesman, Francis"]
[Black "De Boer, Eelke"]
[Result "1-0"]
[WhiteElo "2090"]
[BlackElo "1795"]
[PlyCount "63"]
[EventDate "2014.10.11"]
[EventType "swiss"]
[EventRounds "9"]
[EventCountry "NED"]
[SourceTitle "EXT 2015"]
[Source "ChessBase"]
[SourceDate "2014.11.20"]
[SourceVersion "1"]
[SourceVersionDate "2014.11.20"]
[SourceQuality "1"]

1. Nf3 f5 2. d3 Nf6 3. e4 d6 4. Nc3 e5 5. Bg5 Be7 6. Qd2 0-0 7. exf5 Bxf5 8. 0-0-0 Nbd7 9. d4 Ne4 10. Nxe4 Bxe4 11. Bxe7 Qxe7 12. Ng5 Bf5 13. Bc4+ Kh8 14. Rhe1 h6 15. Ne4 Nb6 16. Bd3 Bxe4 17. Rxe4 Qf6 18. dxe5 dxe5 19. Rde1 Rae8 20. f4 Qf7 21. Rxe5 Rxe5 22. Rxe5 Qxa2 23. Qb4 Qg8 24. g3 c5 25. Rxc5 Re8 26. Re5 Rxe5 27. fxe5 Qd5 28. Qf8+ Qg8 29. Qf5 Na4 30. e6 Nc5 31. Qxc5 Qxe6 32. Qf8+ 1-0

[Event "Hoogeveen Unive op 16th"]
[Site "Hoogeveen"]
[Date "2012.10.27"]
[Round "9"]
[White "Hendriks, Richard V"]
[Black "Lesman, Francis"]
[Result "1/2-1/2"]
[WhiteElo "2123"]
[BlackElo "2100"]
[PlyCount "36"]
[EventDate "2012.10.19"]
[EventType "swiss"]
[EventRounds "9"]
[EventCountry "NED"]
[SourceTitle "EXT 2013"]
[Source "ChessBase"]
[SourceDate "2012.11.22"]
[SourceVersion "1"]
[SourceVersionDate "2012.11.22"]
[SourceQuality "1"]

1. e4 c6 2. Nc3 g6 3. Bc4 Bg7 4. d3 e6 5. Qe2 Ne7 6. e5 d5 7. exd6 Nf5 8. Ne4 Nxd6 9. Bg5 Qa5+ 10. Bd2 Qd8 11. Bb4 Nxe4 12. dxe4 Qb6 13. Qd2 Nd7 14. Nf3 c5 15. Bc3 Bxc3 16. Qxc3 Qb4 17. Qxb4 cxb4 18. 0-0-0 0-0 1/2-1/2

[Event "Hoogeveen Unive op 16th"]
[Site "Hoogeveen"]
[Date "2012.10.22"]
[Round "4"]
[White "Hovenga, Alje"]
[Black "Lesman, Francis"]
[Result "1/2-1/2"]
[WhiteElo "2246"]
[BlackElo "2100"]
[PlyCount "37"]
[EventDate "2012.10.19"]
[EventType "swiss"]
[EventRounds "9"]
[EventCountry "NED"]
[SourceTitle "EXT 2013"]
[Source "ChessBase"]
[SourceDate "2012.11.22"]
[SourceVersion "1"]
[SourceVersionDate "2012.11.22"]
[SourceQuality "1"]

1. d4 Nf6 2. c4 g6 3. Nc3 Bg7 4. e4 d6 5. Nf3 0-0 6. Be2 e5 7. dxe5 dxe5 8. Qxd8 Rxd8 9. Bg5 Re8 10. Nd5 Nxd5 11. cxd5 c6 12. Bc4 cxd5 13. Bxd5 Nd7 14. Rc1 Bf8 15. 0-0 h6 16. Be3 Nf6 17. Rfd1 Nxd5 18. Rxd5 Be6 19. Rb5 1/2-1/2

[Event "Hoogeveen Unive op 15th"]
[Site "Hoogeveen"]
[Date "2011.10.20"]
[Round "7"]
[White "Dijkhuis, Tycho"]
[Black "Lesman, Francis"]
[Result "1/2-1/2"]
[WhiteElo "1873"]
[BlackElo "2074"]
[PlyCount "154"]
[EventDate "2011.10.14"]
[EventType "swiss"]
[EventRounds "9"]
[EventCountry "NED"]
[SourceTitle "CBM 144 Extra"]
[Source "ChessBase"]
[SourceDate "2011.10.28"]
[SourceVersion "1"]
[SourceVersionDate "2011.10.28"]
[SourceQuality "1"]

1. e4 c6 2. d4 d5 3. e5 c5 4. dxc5 Nc6 5. Bb5 e6 6. Be3 Nge7 7. c3 Bd7 8. Bxc6 Nxc6 9. f4 g5 10. fxg5 Qc7 11. Nf3 0-0-0 12. 0-0 Bg7 13. Nbd2 Nxe5 14. Bd4 Nxf3+ 15. Qxf3 e5 16. Qxf7 Rhg8 17. Be3 Qc6 18. Qh5 Rh8 19. a4 h6 20. Qf7 Rdg8 21. Qe7 hxg5 22. Rf7 Bf8 23. Qxe5 Bxc5 24. Bxc5 Qxc5+ 25. Kh1 Re8 26. Ne4 Rxe5 27. Nxc5 Bc6 28. Raf1 Re2 29. R7f2 Rhe8 30. h3 d4 31. cxd4 R8e3 32. Kh2 b6 33. Nd3 Rxf2 34. Nxf2 Re2 35. b3 Kd7 36. g3 Bd5 37. b4 Rd2 38. a5 bxa5 39. bxa5 Bc4 40. Rc1 Bd5 41. Kg1 Ra2 42. Rc5 Kd6 43. Kf1 Ra4 44. Ng4 Rxd4 45. Rc8 Ra4 46. Rd8+ Ke6 47. Re8+ Kd6 48. Ne3 Be6 49. Rh8 Rxa5 50. h4 gxh4 51. gxh4 Ra2 52. h5 Rh2 53. h6 Ke7 54. Kg1 Rh5 55. Ng2 Bf5 56. Nf4 Rh4 57. Nd5+ Kf7 58. Kf2 Be4 59. Nc3 Bf5 60. Nd5 Be4 61. Kg3 Rh1 62. Ne3 Kg6 63. Ng4 Bf5 64. Rg8+ Kf7 65. Rg7+ Kf8 66. Ne3 Be4 67. Rxa7 Rxh6 68. Kf4 Bd3 69. Ng4 Ra6 70. Rc7 Re6 71. Ne5 Re7 72. Rc8+ Re8 73. Rc5 Bb1 74. Rc1 Bh7 75. Re1 Re7 76. Kg5 Kg7 77. Kf4 Ra7 1/2-1/2

[Event "Maastricht Limburg op-A 4th"]
[Site "Maastricht"]
[Date "2010.05.24"]
[Round "7"]
[White "Lesman, Francis"]
[Black "Thakoerdien, Jerrel"]
[Result "0-1"]
[WhiteElo "2087"]
[BlackElo "2001"]
[PlyCount "54"]
[EventDate "2010.05.21"]
[EventType "swiss"]
[EventRounds "7"]
[EventCountry "NED"]
[SourceTitle "CBM 136 Extra"]
[Source "ChessBase"]
[SourceDate "2010.07.02"]
[SourceVersion "2"]
[SourceVersionDate "2010.07.15"]
[SourceQuality "1"]

1. e4 d5 2. exd5 Nf6 3. d4 Nxd5 4. c4 Nb6 5. Be3 g6 6. Nf3 Bg7 7. Nc3 0-0 8. h3 Nc6 9. Be2 e5 10. d5 Ne7 11. 0-0 Nf5 12. Bc5 Re8 13. Re1 Nd7 14. Ba3 e4 15. Nh2 e3 16. f3 Qh4 17. Rf1 Nf6 18. f4 Ng3 19. Qe1 Bh6 20. Nb5 Bxf4 21. Bg4 Qh6 22. d6 Nxf1 23. Nxf1 Bxg4 24. Nxc7 e2 25. Nxe8 exf1Q+ 26. Kxf1 Rxe8 27. hxg4 Qh1+ 0-1

[Event "Maastricht Limburg op-A 4th"]
[Site "Maastricht"]
[Date "2010.05.21"]
[Round "1"]
[White "Lesman, Francis"]
[Black "Oosterman, Maarten Jan"]
[Result "1-0"]
[WhiteElo "2087"]
[BlackElo "1978"]
[PlyCount "71"]
[EventDate "2010.05.21"]
[EventType "swiss"]
[EventRounds "7"]
[EventCountry "NED"]
[SourceTitle "CBM 136 Extra"]
[Source "ChessBase"]
[SourceDate "2010.07.02"]
[SourceVersion "2"]
[SourceVersionDate "2010.07.15"]
[SourceQuality "1"]

1. d4 d5 2. c4 c6 3. Nf3 Nf6 4. Nc3 a6 5. a4 e6 6. Bg5 Be7 7. e3 a5 8. Bd3 Na6 9. Rc1 Nb4 10. Bb1 0-0 11. 0-0 b6 12. Ne5 Ba6 13. Qf3 Nd7 14. Bxe7 Qxe7 15. Qh3 f5 16. Nxd7 Qxd7 17. cxd5 Bxf1 18. dxe6 Qxe6 19. Rxf1 Rf6 20. e4 f4 21. Qxe6+ Rxe6 22. d5 Re5 23. dxc6 Rc8 24. Nd5 Rxc6 25. Nxf4 Kf8 26. Ne2 g5 27. Rd1 Rec5 28. f3 Kg7 29. Kf2 Kf6 30. g3 h5 31. f4 gxf4 32. gxf4 h4 33. e5+ Kf7 34. Bf5 Rd5 35. Nd4 Rc4 36. Be6+ 1-0